Mistrzynie w łyżwiarstwie figurowym kobiet - Statystyki

Ogólne statystyki
  • Ten quiz został rozwiązany 24 razy
    17 od ostatniego zresetowania
  • Średni wynik to 4 z 24
Statystyki odpowiedzi
Rok Państwo Odpowiedź % Poprawnych
2026 Stany Zjednoczone Alysa Liu
71%
1984, 1988 Niemcy Wschodnie Katarina Witt
43%
2010 Korea Południowa Yuna Kim
36%
1994 Ukraina Oksana Baiul
29%
2018 Rosja Alina Zagitova
21%
2014 Rosja Adelina Sotnikova
14%
2022 Rosja Anna Shcherbakova
14%
1998 Stany Zjednoczone Tara Lipinski
14%
1980 Niemcy Wschodnie Anett Potzsch
7%
1948 Kanada Barbara Ann Scott
7%
1972 Austria Beatrix Schuba
7%
1960 Stany Zjednoczone Carol Heiss
7%
1976 Stany Zjednoczone Dorothy Hamill
7%
1924 Austria Herma Szabo
7%
1952 Wielka Brytania Jeannette Altwegg
7%
1992 Stany Zjednoczone Kristi Yamaguchi
7%
1908 Wielka Brytania Madge Syers
7%
1920 Szwecja Magda Julin
7%
1968 Stany Zjednoczone Peggy Fleming
7%
2002 Stany Zjednoczone Sarah Hughes
7%
2006 Japonia Shizuka Arakawa
7%
1964 Holandia Sjoukje Dijkstra
7%
1928, 1932, 1936 Norwegia Sonja Henie
7%
1956 Stany Zjednoczone Tenley Albright
7%
Nie znaleziono quizów pasujących do podanych kryteriów
Rozkład punktacji
Procent ludzi z każdym wynikiem
Percentyl według liczby udzielonych odpowiedzi
Twoja historia wyników
Nie rozwiązałeś tego quizu od ostatniego zresetowania